Contemporary Moral Problems / (Record no. 11211)
[ view plain ]
| 000 -LEADER | |
|---|---|
| fixed length control field | 01143cam a2200289 a 4500 |
| 001 - CONTROL NUMBER | |
| control field | 4047967 |
| 005 - DATE AND TIME OF LATEST TRANSACTION | |
| control field | 19991115131233.0 |
| 008 - FIXED-LENGTH DATA ELEMENTS--GENERAL INFORMATION | |
| fixed length control field | 990128s2000 cau b 001 0 eng |
| 010 ## - LIBRARY OF CONGRESS CONTROL NUMBER | |
| LC control number | 99018200 |
| 020 ## - INTERNATIONAL STANDARD BOOK NUMBER | |
| International Standard Book Number | 0534517242 (alk. paper) |
| 040 ## - CATALOGING SOURCE | |
| Original cataloging agency | DLC |
| Transcribing agency | DLC |
| Modifying agency | DLC |
| 050 00 - LIBRARY OF CONGRESS CALL NUMBER | |
| Classification number | BJ1031 |
| Item number | .C6 2000 |
| 082 00 - DEWEY DECIMAL CLASSIFICATION NUMBER | |
| Classification number | 170 |
| Edition number | 21 |
| Item number | WHI |
| 100 ## - MAIN ENTRY--PERSONAL NAME | |
| 9 (RLIN) | 3287 |
| Personal name | White, James E. |
| 245 00 - TITLE STATEMENT | |
| Title | Contemporary Moral Problems / |
| Statement of responsibility, etc | James E. White. |
| 250 ## - EDITION STATEMENT | |
| Edition statement | 6th ed. |
| 260 ## - PUBLICATION, DISTRIBUTION, ETC. (IMPRINT) | |
| Place of publication, distribution, etc | Belmont, CA : |
| Name of publisher, distributor, etc | Wadsworth Pub. Co., |
| Date of publication, distribution, etc | c2000. |
| 300 ## - PHYSICAL DESCRIPTION | |
| Extent | viii, 616 p. ; |
| Dimensions | 24 cm. |
| 504 ## - BIBLIOGRAPHY, ETC. NOTE | |
| Bibliography, etc | Includes bibliographical references and index. |
| 650 #0 - SUBJECT ADDED ENTRY--TOPICAL TERM | |
| Topical term or geographic name as entry element | Ethical problems. |
| 9 (RLIN) | 3288 |
| 650 #0 - SUBJECT ADDED ENTRY--TOPICAL TERM | |
| Topical term or geographic name as entry element | Applied ethics. |
| 9 (RLIN) | 3289 |
| 650 #0 - SUBJECT ADDED ENTRY--TOPICAL TERM | |
| Topical term or geographic name as entry element | Civilization, Modern |
| Chronological subdivision | 1950- |
| 9 (RLIN) | 3290 |
| 700 1# - ADDED ENTRY--PERSONAL NAME | |
| Personal name | White, James E. |
| 9 (RLIN) | 3291 |
| 942 ## - ADDED ENTRY ELEMENTS (KOHA) | |
| Source of classification or shelving scheme | Dewey Decimal Classification |
| Item type | Book - Borrowing |
| Withdrawn status | Item status | Source of classification or shelving scheme | Damaged status | Not for loan | Vendor | Home library | Current library | Shelving location | Date acquired | Source of acquisition | Cost, normal purchase price | Serial Enumeration / chronology | Total Checkouts | Total Renewals | Full call number | Barcode | Date last seen | Date last borrowed | Koha item type |
|---|---|---|---|---|---|---|---|---|---|---|---|---|---|---|---|---|---|---|---|
| Dewey Decimal Classification | Alahram | Central Library | Central Library | Lower Floor | 07/04/2009 | 239.40 | 357 | 3 | 4 | 170 WHI | 000015800 | 15/07/2025 | 15/12/2011 | Book - Borrowing |